|
|
|
|
| LEADER |
00000cam a22000004a 4500 |
| 001 |
musev2_17486 |
| 003 |
MdBmJHUP |
| 005 |
20230905041905.0 |
| 006 |
m o d |
| 007 |
cr||||||||nn|n |
| 008 |
091016s2010 flu o 00 0 eng d |
| 020 |
|
|
|a 9780813045542
|
| 020 |
|
|
|z 0813034566
|
| 020 |
|
|
|z 9780813034560
|
| 035 |
|
|
|a (OCoLC)801843965
|
| 040 |
|
|
|a MdBmJHUP
|c MdBmJHUP
|
| 100 |
1 |
|
|a Giardina, Carol.
|
| 245 |
1 |
0 |
|a Freedom for Women :
|b Forging the Women's Liberation Movement, 1953-1970 /
|c Carol Giardina.
|
| 264 |
|
1 |
|a Gainesville :
|b University Press of Florida,
|c 2010.
|
| 264 |
|
3 |
|a Baltimore, Md. :
|b Project MUSE,
|c 2013
|
| 264 |
|
4 |
|c ©2010.
|
| 300 |
|
|
|a 1 online resource (336 pages):
|b ill.
|
| 336 |
|
|
|a text
|b txt
|2 rdacontent
|
| 337 |
|
|
|a computer
|b c
|2 rdamedia
|
| 338 |
|
|
|a online resource
|b cr
|2 rdacarrier
|
| 505 |
0 |
|
|a Toward a female liberation movement -- The "borning" movement: "the idea of doing something about it" -- "Something had to be there already" -- The influence of Simone de Beauvoir -- Next steps to women's liberation -- The influence of black power on the rise of women's liberation -- "After that paper, there would be no turning back" -- Support for women's liberation on the left, new and old -- Making the Women's Liberation Movement -- The movement goes nationwide: 1968-1970 -- The movement is established: 1970.
|
| 588 |
|
|
|a Description based on print version record.
|
| 650 |
|
0 |
|a Feminism
|z United States
|x History
|y 20th century.
|
| 650 |
|
0 |
|a Second-wave feminism
|z United States.
|
| 650 |
|
0 |
|a Women's rights
|z United States
|x History
|y 20th century.
|
| 655 |
|
7 |
|a Electronic books.
|2 local
|
| 710 |
2 |
|
|a Project Muse.
|
| 710 |
2 |
|
|a Project Muse.
|e distributor
|
| 830 |
|
0 |
|a Book collections on Project MUSE.
|
| 856 |
4 |
0 |
|z Texto completo
|u https://projectmuse.uam.elogim.com/book/17486/
|
| 945 |
|
|
|a Project MUSE - Custom Collection
|
| 945 |
|
|
|a Project MUSE - Archive Complete Supplement
|
| 945 |
|
|
|a Project MUSE - Archive History Supplement
|